<?xml version="1.0" encoding="UTF-8"?><?xml-stylesheet type="text/xsl" href="static/style.xsl"?><OAI-PMH xmlns="http://www.openarchives.org/OAI/2.0/" xmlns:xsi="http://www.w3.org/2001/XMLSchema-instance" xsi:schemaLocation="http://www.openarchives.org/OAI/2.0/ http://www.openarchives.org/OAI/2.0/OAI-PMH.xsd"><responseDate>2026-04-27T01:59:28Z</responseDate><request verb="GetRecord" identifier="oai:repisalud.isciii.es:20.500.12105/20291" metadataPrefix="marc">https://repisalud.isciii.es/rest/oai/request</request><GetRecord><record><header><identifier>oai:repisalud.isciii.es:20.500.12105/20291</identifier><datestamp>2024-11-28T19:53:49Z</datestamp><setSpec>com_20.500.12105_15322</setSpec><setSpec>com_20.500.12105_2051</setSpec><setSpec>col_20.500.12105_16967</setSpec></header><metadata><record xmlns="http://www.loc.gov/MARC21/slim" xmlns:dcterms="http://purl.org/dc/terms/" xmlns:doc="http://www.lyncode.com/xoai" xmlns:xsi="http://www.w3.org/2001/XMLSchema-instance" xsi:schemaLocation="http://www.loc.gov/MARC21/slim http://www.loc.gov/standards/marcxml/schema/MARC21slim.xsd">
   <leader>00925njm 22002777a 4500</leader>
   <datafield ind2=" " ind1=" " tag="042">
      <subfield code="a">dc</subfield>
   </datafield>
   <datafield ind2=" " ind1=" " tag="720">
      <subfield code="a">Sanada, Kenji</subfield>
      <subfield code="e">author</subfield>
   </datafield>
   <datafield ind2=" " ind1=" " tag="720">
      <subfield code="a">Montero-Marin, Jesus</subfield>
      <subfield code="e">author</subfield>
   </datafield>
   <datafield ind2=" " ind1=" " tag="720">
      <subfield code="a">Alda Diez, Marta</subfield>
      <subfield code="e">author</subfield>
   </datafield>
   <datafield ind2=" " ind1=" " tag="720">
      <subfield code="a">Salas-Valero, Montserrat</subfield>
      <subfield code="e">author</subfield>
   </datafield>
   <datafield ind2=" " ind1=" " tag="720">
      <subfield code="a">Perez-Yus, Maria C</subfield>
      <subfield code="e">author</subfield>
   </datafield>
   <datafield ind2=" " ind1=" " tag="720">
      <subfield code="a">Morillo, Hector</subfield>
      <subfield code="e">author</subfield>
   </datafield>
   <datafield ind2=" " ind1=" " tag="720">
      <subfield code="a">Demarzo, Marcelo</subfield>
      <subfield code="e">author</subfield>
   </datafield>
   <datafield ind2=" " ind1=" " tag="720">
      <subfield code="a">Garcia Toro, Mauro</subfield>
      <subfield code="e">author</subfield>
   </datafield>
   <datafield ind2=" " ind1=" " tag="720">
      <subfield code="a">Garcia-Campayo, Javier</subfield>
      <subfield code="e">author</subfield>
   </datafield>
   <datafield ind2=" " ind1=" " tag="260">
      <subfield code="c">2016-10-19</subfield>
   </datafield>
   <datafield ind2=" " ind1=" " tag="520">
      <subfield code="a">Objective: The aim of the present study was to elucidate the effects of Mindfulness-based interventions (MBIs) on salivary cortisol levels in healthy adult populations. Method: We conducted a systematic review and meta-analysis of randomized controlled trials (RCTs), published between January 1980 and June 2015 in PubMed, EMBASE, PsycINFO and the Cochrane library. The PRISMA and Cochrane guidelines were followed. The pooled effect sizes were calculated with the random-effects model, using Hedges' g-values, and heterogeneity was measured using the 12 statistic. The contribution of different characteristics of participants and programmes were assessed by meta-regression models, using beta coefficients. Results: Five RCTs with 190 participants in total were included in this systematic review. The overall effect size (ES) for improving the state of health related to cortisol levels was moderately low (g = 0.41; p = 0.025), although moderate heterogeneity was found (I-2 = 55; p = 0.063). There were no significant differences between active (g = 0.33; p = 0.202) and passive (g = 0.48; p = 0.279) controls, but significant differences were found when comparing standard (g = 0.81; p = 0.002) and raw (g = 0.03; p = 0.896) measures. The percentage of women in each study was not related to ES. Nevertheless, age (beta = 0.03; p = 0.039), the number of sessions (beta = 0.33; p = 0.007) and the total hours of the MBI (beta = 0.06; p = 0.005) were significantly related to ES, explaining heterogeneity (R-2 = 1.00). Conclusions: Despite the scarce number of studies, our results suggest that MBIs might have some beneficial effect on cortisol secretion in healthy adult subjects. However, there is a need for further RCTs implemented in accordance with standard programmes and measurements of salivary cortisol under rigorous strategies in healthy adult populations.</subfield>
   </datafield>
   <datafield ind1="8" ind2=" " tag="024">
      <subfield code="a">Sanada K, Montero-Marin J, Alda Diez M, Salas-Valero M, Perez-Yus MC, Morillo H, et al. Effects of Mindfulness-Based Interventions on Salivary Cortisol in Healthy Adults: A Meta-Analytical Review. Front Physiol. 2016 Oct 19;7:171.</subfield>
   </datafield>
   <datafield ind1="8" ind2=" " tag="024">
      <subfield code="a">1664-042X</subfield>
   </datafield>
   <datafield ind1="8" ind2=" " tag="024">
      <subfield code="a">http://hdl.handle.net/20.500.13003/10120</subfield>
   </datafield>
   <datafield ind1="8" ind2=" " tag="024">
      <subfield code="a">http://hdl.handle.net/20.500.12105/20291</subfield>
   </datafield>
   <datafield ind1="8" ind2=" " tag="024">
      <subfield code="a">27807420</subfield>
   </datafield>
   <datafield ind1="8" ind2=" " tag="024">
      <subfield code="a">10.3359/fphys.2016.00/171</subfield>
   </datafield>
   <datafield ind1="8" ind2=" " tag="024">
      <subfield code="a">Frontiers in Physiology</subfield>
   </datafield>
   <datafield ind1="8" ind2=" " tag="024">
      <subfield code="a">385684600001</subfield>
   </datafield>
   <datafield tag="653" ind2=" " ind1=" ">
      <subfield code="a">MBI</subfield>
   </datafield>
   <datafield tag="653" ind2=" " ind1=" ">
      <subfield code="a">Salivary cortisol</subfield>
   </datafield>
   <datafield tag="653" ind2=" " ind1=" ">
      <subfield code="a">Healthy adult subjects</subfield>
   </datafield>
   <datafield tag="653" ind2=" " ind1=" ">
      <subfield code="a">RCT</subfield>
   </datafield>
   <datafield tag="653" ind2=" " ind1=" ">
      <subfield code="a">Meta-analysis</subfield>
   </datafield>
   <datafield ind2="0" ind1="0" tag="245">
      <subfield code="a">Effects of Mindfulness-Based Interventions on Salivary Cortisol in Healthy Adults: A Meta-Analytical Review</subfield>
   </datafield>
</record></metadata></record></GetRecord></OAI-PMH>